Fundamentals of cosmic electrodynamics (Record no. 11247)

MARC details
000 -LEADER
fixed length control field 00610nam a2200193Ia 4500
003 - CONTROL NUMBER IDENTIFIER
control field IN-BaIIA
008 - FIXED-LENGTH DATA ELEMENTS--GENERAL INFORMATION
fixed length control field 211028s9999 xx 000 0 eng d
020 ## - INTERNATIONAL STANDARD BOOK NUMBER
International Standard Book Number 0-7923-2919-8
040 ## - CATALOGING SOURCE
Transcribing agency IIA Library
080 ## - UNIVERSAL DECIMAL CLASSIFICATION NUMBER
Universal Decimal Classification number 52(082.1)
Item number ASS-191
100 ## - MAIN ENTRY--PERSONAL NAME
Personal name Somov, B. V
9 (RLIN) 19274
245 #0 - TITLE STATEMENT
Title Fundamentals of cosmic electrodynamics
Statement of responsibility, etc. B. V. Somov
260 ## - PUBLICATION, DISTRIBUTION, ETC.
Place of publication, distribution, etc. Dordrecht
Name of publisher, distributor, etc. Kluwer Academic
Date of publication, distribution, etc. 1994
300 ## - PHYSICAL DESCRIPTION
Extent xii, 364p.
650 ## - SUBJECT ADDED ENTRY--TOPICAL TERM
Topical term or geographic name entry element Astronomy and astrophysics thesaurus
650 ## - SUBJECT ADDED ENTRY--TOPICAL TERM
Topical term or geographic name entry element Cosmic electrodynamics
9 (RLIN) 3143
650 ## - SUBJECT ADDED ENTRY--TOPICAL TERM
Topical term or geographic name entry element Magnetohydrodynamics
9 (RLIN) 1666
942 ## - ADDED ENTRY ELEMENTS (KOHA)
Koha item type Books
Holdings
Withdrawn status Lost status Damaged status Not for loan Home library Current library Shelving location Date acquired Cost, normal purchase price Total Checkouts Full call number Barcode Date last seen Cost, replacement price Price effective from Koha item type Purchase Price
        IIA Library-Bangalore IIA Library-Bangalore General Stacks 13/03/1995 4536.00   52(082.1)/ ASS-191 12162 05/11/2021 4536.00 13/03/1995 Books Rs. 4536.00

Powered by Koha